00755nai a2200193Ia 4500003000900000008004100009022002200050022002300072040001600095245006000111260008600171310001400257362002800271521006900299650004700368650003400415650001900449856009300468IN-BaIIA211028c9999 xx s 000 0 eng d a0096-1884 (Print) a2168-0817 (Online) cIIA Library 0aIRE Transactions on Bio-Medical Electronicsh[eJournal] aNew York, USAbThe Institute of Electrical and Electronics Engineers, Inc. (IEEE) aQuarterly a8(1); 1961 - 9(4); 1962 bSubscribed through National Knowledge Resource Consortium (NKRC) a Components, Circuits, Devices and Systems a Robotics and Control Systems aBioengineering uhttps://ieeexplore.ieee.org/servlet/opac?punumber=4322768yClick Here to Access eJournal